000 00320nam a22001337a 4500
008 170925b xxu||||| |||| 00| 0 eng d
020 _a9780155061941
041 _aeng
080 _24 ED
_a37
100 _a46
101 _aEDU
245 _aTHE WRITER WORKPLACE WITH READINGS
_cSCATTY.S
942 _2udc
_cBK
999 _c29699
_d29699